Normal view
MARC view
- Data Management Databases and Organization
Entry Topical Term
001 - CONTROL NUMBER
- control field: 219
003 - CONTROL NUMBER IDENTIFIER
- control field: JO-AjAnu
005 - DATE AND TIME OF LATEST TRANSACTION
- control field: 20230606070334.0
008 - FIXED-LENGTH DATA ELEMENTS
- fixed length control field: 230606|| aca||aabn | a|a d
040 ## - CATALOGING SOURCE
- Original cataloging agency: JO-AjAnu
- Transcribing agency: JO-AjAnu
150 ## - HEADING--TOPICAL TERM
- Topical term or geographic name entry element: Data Management Databases and Organization
670 ## - SOURCE DATA FOUND
- Source citation: Work cat.: (JO-AjAnu)115: watson,Richard T, author 218, Data Management Databases and Organization